Diagnóstico de los sistemas de producción bovina en el partido de Adolfo Gonzáles Chávez (Delegación De La Garma) provincia de Buenos Aires /

Guardado en:
Autor Principal: Chiquetto, Mauricio.
Autor Corporativo: Universidad Nacional del Sur. Departamento de Agronomía.
Otros Autores: Distel, Roberto Alejandro, (tutor.)
Formato: Libro
Idioma:Undetermined
Publicado: Bahía Blanca, 2014.
Etiquetas: Agregar Etiqueta
Sin Etiquetas, Sea el primero en etiquetar este registro!
LEADER 00782nam a22001695a 4500
001 EEA.libagro010307
005 20160923094404.0
008 140403s2014####ag#a##########000#0#und#d
082 0 4 |a 636.2 
100 1 |a Chiquetto, Mauricio. 
245 1 0 |a Diagnóstico de los sistemas de producción bovina en el partido de Adolfo Gonzáles Chávez (Delegación De La Garma) provincia de Buenos Aires /  |c Mauricio Chiquetto. 
260 |a Bahía Blanca,  |c 2014. 
300 |a 41 h. :  |b il. ;  |c 30 cm. 
500 |a Trabajo de intensificación (Ingeniero Agrónomo) -- Universidad Nacional del Sur. Departamento de Agronomía, 2014. 
700 1 |a Distel, Roberto Alejandro,  |e tutor. 
710 2 |a Universidad Nacional del Sur.  |b Departamento de Agronomía. 
859 |a AR-BbBCA  |b BIB. AGRONOMIA  |h 636.2  |i C577  |p 2014/6474